LEADER 01223nam a2200289 a 4500 001 000000135469 003 CaOOAMICUS 005 20130926120854.0 008 130926s2012 it u000 u ita r 020 $a978-88-498-3670-7 040 $aPUL$bita 082 04$a172.4 100 1 $aCaranti, Luigi.$0(OLS)http://pul/name/87257 245 13$aLa pace fraintesa :$bKant e la teoria della pace democratica /$cLuigi Caranti. 260 $aSoveria Mannelli :$bRubbettino,$c2012. 300 $a206 p. ;$c23 cm 504 $aBibliografia p. 199-206. 600 14$aKant, Immanuel,$d1724-1804$xPensiero politico e sociale.$0(OLS)http://pul/subject/22179 650 4$aEtica e filosofia.$0(OLS)http://pul/subject/23761 850 $aPUL 852 $aPUL$W1$xSL Filosofia 3$y81$m172. 4 CARLU 1$j156216$qDDC 21$B155581$CPULBib$Z2$F155581 $H122861 $81 941 1 $a9 996 $6020$a978-88-498-3670-7$9(OLS)http://pul/number/153557 996 $6082$a172.4$9(OLS)http://pul/classification/470 996 $6245$aLa pace fraintesa :$bKant e la teoria della pace democratica$9(OLS)http://pul/title/171295 996 $6260$aSoveria Mannelli :$bRubbettino$9(OLS)http://pul/publisher/51639 LEADER 01443nam a2200337 a 4500 001 000000121622 003 CaOOAMICUS 005 20100507141935.0 008 100507t2007 it a u000 u ita r 020 $a978-88-88747-72-9 040 $aPUL$bita$dReb 041 1 $aita$heng 082 04$a215 100 1 $aDembski, William A.$0(OLS)http://pul/name/76200 240 10$aIntelligent design. The bridge between science & teology$lItaliano.$0(OLS)http://pul/title/153021 245 10$aIntelligent design :$bil ponte fra scienza e teologia /$cWilliam A. Dembski. 260 $aCaltanissetta :$bAlfa & Omega,$cİ2007. 300 $a378 p. ;$c21 cm. 490 1 $aLa Bussola 500 $aSulla coperta: Introduzione di Marco Respinti. 504 $aBibliografia in nota. 650 4$aTeologia e scienza.$0(OLS)http://pul/subject/21827 700 1 $aRespinti, Marco.$0(OLS)http://pul/name/35892 830 3$aLa Bussola.$0(OLS)http://pul/title/153018 850 $aPUL 852 $aPUL$W1$xSL Religione 3$y85$m215 DEMWI 1$j139588$qDDC 21$q $B138790$CPULBib$Z2$F138790 $H113592 $81 941 1 $a9 996 $6020$a978-88-88747-72-9$9(OLS)http://pul/number/144104 996 $6082$a215$9(OLS)http://pul/classification/503 996 $6245$aIntelligent design :$bil ponte fra scienza e teologia$9(OLS)http://pul/title/153022 996 $6260$aCaltanissetta :$bAlfa & Omega$9(OLS)http://pul/publisher/81305